Casos de Derecho Sucesorio /

Guardado en:
Autor Principal: Rolleri, Gabriel G.
Otros Autores: Pitrau, Osvaldo F.
Formato: Libro
Idioma:Spanish
Publicado: Buenos Aires : Abeledo Perrot, 2011
Edición:2a. ed.
Materias:
Etiquetas: Agregar Etiqueta
Sin Etiquetas, Sea el primero en etiquetar este registro!
LEADER 00550nam a22001815a 4500
001 DER.der012507
008 180615s2011####ag#||||||||||||||#||spa||
005 20251205181748.0
245 1 0 |a Casos de Derecho Sucesorio /  |c Gabriel G. Rolleri , Osvaldo F. Pitrau 
250 |a 2a. ed. 
260 |a Buenos Aires :  |b Abeledo Perrot,  |c 2011 
300 |a 182 p. 
020 |a 9789502021799 
100 1 |a Rolleri, Gabriel G. 
700 1 |a Pitrau, Osvaldo F. 
650 7 |a DERECHO DE FAMILIA 
650 7 |a DERECHO SUCESORIO 
859 |a DERECHO  |b BIB. DERECHO  |h 346.052  |i ROL  |p 007334